The Analysis of genetic and non-genetic factors affecting weanimg weight of beef cattle / (Record no. 99034)

MARC details
000 -LEADER
fixed length control field 00754nam a2200229 a 4500
008 - FIXED-LENGTH DATA ELEMENTS--GENERAL INFORMATION
fixed length control field
049 ## - LOCAL HOLDINGS (OCLC)
Holding library MAIN
090 ## - LOCALLY ASSIGNED LC-TYPE CALL NUMBER (OCLC); LOCAL CALL NUMBER (RLIN)
Classification number (OCLC) (R) ; Classification number, CALL (RLIN) (NR) SF207 MAR
003 - CONTROL NUMBER IDENTIFIER
control field
005 - DATE AND TIME OF LATEST TRANSACTION
control field 20230120153120.0
040 ## - CATALOGING SOURCE
Transcribing agency NUST
100 1# - MAIN ENTRY--PERSONAL NAME
Personal name Mariasingam, Lavanya J.
245 10 - TITLE STATEMENT
Title The Analysis of genetic and non-genetic factors affecting weanimg weight of beef cattle /
Statement of responsibility, etc. Lavanya J. Mariasingam.
260 ## - PUBLICATION, DISTRIBUTION, ETC.
Place of publication, distribution, etc. Bulawayo :
Name of publisher, distributor, etc. NUST,
Date of publication, distribution, etc. 1995.
300 ## - PHYSICAL DESCRIPTION
Extent vi, 45 p. :
Dimensions 31 cm.
500 ## - GENERAL NOTE
General note Dissertation(BSc)---NUST,1995.
504 ## - BIBLIOGRAPHY, ETC. NOTE
Bibliography, etc. note Includes bibliographical references.
650 #1 - SUBJECT ADDED ENTRY--TOPICAL TERM
Topical term or geographic name entry element Beef cattle
General subdivision breeding
700 ## - ADDED ENTRY--PERSONAL NAME
Personal name NUST.
Numeration Dept. Of Applied Mathematics
Dates associated with a name Dissertation.
907 ## - LOCAL DATA ELEMENT G, LDG (RLIN)
a .b10216261
b 23-02-16
c 04-10-06
942 ## - ADDED ENTRY ELEMENTS (KOHA)
Koha item type Ordinary Loan Books
Call number prefix SF207 MAR
Holdings
Date last seen Total Checkouts Full call number Barcode Cost, replacement price Price effective from Koha item type Lost status Source of classification or shelving scheme Damaged status Not for loan Collection Withdrawn status Home library Current library Shelving location Date acquired Cost, normal purchase price
01/20/2023   SF207 MAR 92003008758 80.00 01/20/2023 3HOUR   LCC     NFIC   MAIN MAIN GEN 01/20/2023 80.00